| 000 | 00397nam a2200145Ia 4500 | ||
|---|---|---|---|
| 003 | OSt | ||
| 005 | 20260227143240.0 | ||
| 008 | 211028s2019 xx 000 0 und d | ||
| 040 | _cAIMIT LIBRARY | ||
| 041 | _aeng | ||
| 100 |
_aYogish; Baretto, Royce. _g1716228 _98200 |
||
| 245 | _aStudy on consumer perception towards L G Industries / | ||
| 260 |
_aMangalore _bBalaraju _c2019 |
||
| 942 |
_2ddc _cPRO |
||
| 999 |
_c219768 _d219768 |
||